[Event "BAN-chT"]
[Site "Dhaka"]
[Date "2016.11.25"]
[Round "3.3"]
[White "Aayush, Bhattacherjee"]
[Black "Md Salamot, Ullah"]
[Result "0-1"]
[WhiteElo "1301"]
[BlackElo "1953"]
[PlyCount "98"]
[EventDate "2016.11.23"]
[EventType "team-tourn"]
[EventRounds "9"]
[EventCountry "BAN"]
[SourceTitle "EXT 2018"]
[Source "ChessBase"]
[SourceDate "2017.10.13"]
[SourceVersion "1"]
[SourceVersionDate "2017.10.13"]
[SourceQuality "1"]
[WhiteTeam "Kasparov CC"]
[BlackTeam "Debdas Biswas Smirity Sangsad"]
[WhiteTeamCountry "BAN"]
[BlackTeamCountry "BAN"]

1. d4 d5 2. Nf3 Nf6 3. e3 Bg4 4. Bd3 c5 5. c3 Nc6 6. Nbd2 c4 7. Bc2 e6 8. 0-0 Bd6 9. e4 Bf4 10. e5 Nd7 11. Nxc4 dxc4 12. Bxf4 0-0 13. Bxh7+ Kxh7 14. Ng5+ Qxg5 15. Bxg5 Bxd1 16. Raxd1 Nb6 17. f4 Nd5 18. Rf3 f6 19. exf6 gxf6 20. Bh4 Kg6 21. Re1 Kf7 22. f5 e5 23. dxe5 Nxe5 24. Rff1 Rae8 25. Bf2 Nd3 26. Rd1 a6 27. a3 Re2 28. b3 Nxc3 29. Rde1 Nxf2 30. Rxf2 Rxf2 31. Kxf2 cxb3 32. Re2 Rc8 33. Kf1 b2 34. Re1 b1Q 35. Rxb1 Nxb1 36. a4 b5 37. axb5 axb5 38. g4 b4 39. h4 Rc4 40. g5 Rxh4 41. g6+ Kg8 42. Kg2 b3 43. Kg3 Rc4 44. Kh3 b2 45. Kg3 Na3 46. Kf3 b1Q 47. Kg3 Qb3+ 48. Kg2 Rc2+ 49. Kg1 Qb1# 0-1